| 000 | 00810pam a2200265 a 4500 | ||
|---|---|---|---|
| 999 |
_c3314 _d3314 |
||
| 001 | 118160 | ||
| 003 | GBCCL | ||
| 005 | 20241126110452.0 | ||
| 008 | 880330s1988 oruaf b 001 0 eng | ||
| 010 | _a 88012053 | ||
| 020 |
_a0880702389 : _c$14.95 |
||
| 035 | _a(OCoLC)ocm17841094 | ||
| 040 |
_aDLC _cDLC _dBAKER |
||
| 049 | _aLBBK | ||
| 050 | 0 |
_aBV4832.2 _b.T3 1988 |
|
| 082 | 0 |
_a248.34 _a248.4 _219 _bTAD |
|
| 090 |
_aBV4832.2 _b.T3 1988 |
||
| 100 | 1 |
_aTada, Joni Eareckson. _95550 |
|
| 245 | 1 | 0 |
_aSecret strength : _bfor those who search / _cJoni Eareckson Tada. |
| 260 |
_aPortland, Or. : _bMultnomah, _cc1988. |
||
| 300 |
_a368 p., [4] leaves of plates : _bcol. ill. ; _c24 cm. |
||
| 504 | _aIncludes bibliographical references (p. 363) and index. | ||
| 650 | 0 |
_aMeditations. _91412 |
|
| 942 |
_2ddc _cBK |
||